Animals: Fake to Real Quiz Stats

 Plays Quiz not verified by Sporcle

Score 0/30 Timer 05:00
0 Plays Today
% Correct
Mouse
96.1%
Chipmunk
94.2%
Great Dane
89%
Donkey
89%
Clownfish
89%
Lion
88.3%
Turtle
87%
Deer
86.4%
Bear
85.7%
Pig
83.8%
Warthog
83.1%
Toad
81.2%
Spider
81.2%
Canary
78.6%
Rabbit
74%
% Correct
Meerkat
74%
Snake
72.7%
Owl
67.5%
Whale
66.9%
Mandrill
66.9%
Crocodile
66.2%
Cat
53.2%
Blue Macaw
42.2%
Hamster
40.3%
Cockatoo
39.6%
Sheep
37.7%
Horse
32.5%
Border Collie
23.4%
Duck
22.1%
Dolphin
16.9%

You're not logged in!

Compare scores with friends on all Sporcle quizzes.
OR
Log In

Sporcle TV

Today on Sporcle TV


Watch our educational content, quiz creation guides, and fun videos on Sporcle TV.

Show Comments

Extras

Top Quizzes Today


Score Distribution

Your Account Isn't Verified!

In order to create a playlist on Sporcle, you need to verify the email address you used during registration. Go to your Sporcle Settings to finish the process.

Report this User

Report this user for behavior that violates our Community Guidelines.

Details: